| 000 | 01051nam a22003730a 4500 | ||
|---|---|---|---|
| 001 | PT29656 | ||
| 003 | AR-LpoUNG | ||
| 005 | 20210131233537.0 | ||
| 008 | 191001s1956||||mx |||||||||||||||||spa d | ||
| 040 |
_aAR-LpoUNG _bspa _cAR-LpoUNG _eaacr |
||
| 041 | _aspa | ||
| 044 | _amx | ||
| 082 | 0 | _a388.049 697eco | |
| 100 | 1 | _aBonavia, Michael R. | |
| 245 | 1 | 0 | _aEconomía de los transportes |
| 250 | _a3§ ed. | ||
| 260 |
_aMéxico, D. F. : _bFondo de Cultura Económica, _c1956. |
||
| 300 |
_a159 p. : _bgráfs. |
||
| 650 | 4 | _aASPECTOS ECONOMICOS | |
| 650 | 4 | _aCOSTOS DE TRANSPORTE | |
| 650 | 4 | _aECONOMIA DEL TRANSPORTE | |
| 650 | 4 | _aINFRAESTRUCTURA DEL TRANSPORTE | |
| 650 | 4 | _aMEDIOS DE TRANSPORTE | |
| 650 | 4 | _aMONOPOLIOS | |
| 650 | 4 | _aPLANIFICACION DEL TRANSPORTE | |
| 650 | 4 | _aTRANSPORTE | |
| 650 | 4 | _aTRANSPORTE AEREO | |
| 650 | 4 | _aTRANSPORTE FLUVIAL Y LACUSTRE | |
| 650 | 4 | _aTRANSPORTE TERRESTRE | |
| 651 | 4 | _aDOCUMENTOS TEORICOS O METODOLOGICOS | |
| 700 | 1 |
_aOrtiz, Teodoro _etr. |
|
| 905 | _a29656 | ||
| 942 | _cLIB | ||
| 999 |
_c21269 _d21269 |
||